<?xml version="1.0" encoding="UTF-8"?>
<record
    xmlns:xsi="http://www.w3.org/2001/XMLSchema-instance"
    xsi:schemaLocation="http://www.loc.gov/MARC21/slim http://www.loc.gov/standards/marcxml/schema/MARC21slim.xsd"
    xmlns="http://www.loc.gov/MARC21/slim">

  <leader>05267nam a2200253   4500</leader>
  <controlfield tag="003">DO-SdUA</controlfield>
  <controlfield tag="005">20250325093535.0</controlfield>
  <controlfield tag="008">      s2020    dr a|| |||| 0 |a||0|spa d</controlfield>
  <datafield tag="040" ind1=" " ind2=" ">
    <subfield code="a">DO-SdUA</subfield>
    <subfield code="b">spa</subfield>
    <subfield code="c">DO-SdUA</subfield>
  </datafield>
  <datafield tag="041" ind1="0" ind2=" ">
    <subfield code="a">spa</subfield>
  </datafield>
  <datafield tag="092" ind1=" " ind2=" ">
    <subfield code="a">MA-EFD 0057 FCE 2020</subfield>
  </datafield>
  <datafield tag="100" ind1="1" ind2=" ">
    <subfield code="a">Pe&#xF1;a Cuevas, Silvio</subfield>
  </datafield>
  <datafield tag="245" ind1="1" ind2="0">
    <subfield code="a">Estrategias did&#xE1;cticas para la ense&#xF1;anza del saque flotante y de suspensi&#xF3;n en el voleibol en los estudiantes de 3er grado en la Escuela Primaria Arzobispo Valera, Distrito Educativo 18-01, Neyba, Bahoruco, a&#xF1;o escolar 2018-2019 /</subfield>
    <subfield code="c">Silvio Pe&#xF1;a Cuevas.</subfield>
  </datafield>
  <datafield tag="260" ind1=" " ind2=" ">
    <subfield code="a">Neyba :</subfield>
    <subfield code="b">UASD,</subfield>
    <subfield code="c">2020.</subfield>
  </datafield>
  <datafield tag="300" ind1=" " ind2=" ">
    <subfield code="a">81 h. :</subfield>
    <subfield code="b">il.</subfield>
  </datafield>
  <datafield tag="502" ind1=" " ind2=" ">
    <subfield code="a">Tesis y Trabajo de Grado (Maestr&#xED;a en Educaci&#xF3;n F&#xED;sica y el Deporte)--Universidad Aut&#xF3;noma de Santo Domingo, Neyba, 2020.</subfield>
  </datafield>
  <datafield tag="504" ind1=" " ind2=" ">
    <subfield code="a">Incluye referencias bibliogr&#xE1;ficas y anexos.</subfield>
  </datafield>
  <datafield tag="520" ind1="3" ind2=" ">
    <subfield code="a">El objetivo general de esta investigaci&#xF3;n fue contribuir con estrategias did&#xE1;cticas para ense&#xF1;anza del saque flotante y de suspensi&#xF3;n en voleibol en los estudiantes de 3er grado en la Escuela Arzobispo Valera, Distrito Educativo 18-01, Neyba, a&#xF1;o escolar 2018-2019. Esta investigaci&#xF3;n tiene un alcance descriptivo con un enfoque mixto y dise&#xF1;o no experimental. La poblaci&#xF3;n estuvo representada por 1 docente de educaci&#xF3;n f&#xED;sica, 25 estudiantes de 3er grado y 2 especialistas, de donde se seleccion&#xF3; una muestra de 25 estudiantes, 1 docente y 2 especialistas. Se utilizaron las t&#xE9;cnicas de la observaci&#xF3;n, la encuesta y consulta a expertos, y como instrumentos se utilizaron una gu&#xED;a de observaci&#xF3;n y un cuestionario. Se concluye  que existen grandes deficiencias en cuanto a los procedimientos realizados por el docente para la correcta ense&#xF1;anza de la ejecuci&#xF3;n del saque flotante y de suspensi&#xF3;n, debido a que no imparte la clase bas&#xE1;ndose en programas innovadores, del mismo modo tampoco utiliza estrategias que vallan acorde con lo establecido en el Dise&#xF1;o Curricular Nivel secundario, Primer Ciclo. Los procedimientos para el mejoramiento del saque flotante y en suspensi&#xF3;n a partir de la comunicaci&#xF3;n permite transformar la esfera motivacional de los estudiantes, lleva al desarrollo de las habilidades, la ejercitaci&#xF3;n de la memoria, la formaci&#xF3;n de habilidades intelectuales y pr&#xE1;cticas en el saque, lo que puede ser aplicable a la ense&#xF1;anza o perfeccionamientos de los otros elementos t&#xE9;cnicos en el voleibol. Los estudiantes ven como positivo para su desarrollo la manera en que el docente del &#xE1;rea de educaci&#xF3;n f&#xED;sica les ense&#xF1;an al momento las pr&#xE1;cticas a ejecutar el saque flotante y de suspensi&#xF3;n, evidenci&#xE1;ndose esto en las t&#xE9;cnicas y metodolog&#xED;a que ellos utilizan para que estos aprenden de manera efectiva la importancia del saque en la acci&#xF3;n del juego. Se pudo constatar que se toma en consideraci&#xF3;n los conocimientos previos de los estudiantes en la realizaci&#xF3;n del saque en suspensi&#xF3;n. Esto indica que los estudiantes tienen alg&#xFA;n conocimiento sobre los fundamentos b&#xE1;sicos de saque flotante y de suspensi&#xF3;n, evidenci&#xE1;ndose en que un porcentaje muy elevado de los estudiantes respondi&#xF3; que s&#xED; se ha impartido el voleibol durante la clase. Se confecciona la estrategia did&#xE1;ctica sugerida con un alto grado de confiabilidad, resultando apropiada a las limitaciones encontrada en dicha investigaci&#xF3;n, el contenido integrado resulta relevante para los alumnos, maestros de educaci&#xF3;n f&#xED;sica, ya que se toman en cuenta los establecidos en el dise&#xF1;o curricular dominicano. Se evidenci&#xF3; que los especialistas est&#xE1;n muy de acuerdo en que la estrategia did&#xE1;ctica cumple con los criterios evaluados: confiabilidad, respuestas a las limitaciones y coherencia en su propia pr&#xE1;ctica, resultando id&#xF3;nea al &#xE1;rea de educaci&#xF3;n f&#xED;sica y a las metas trazadas en la investigaci&#xF3;n por su coherencia, nivel de confiabilidad y estructura equilibrada y arm&#xF3;nica que exhibe. Se les recomend&#xF3; a los docentes profundizar en el estudio del saque flotante y de suspensi&#xF3;n, porque el curr&#xED;culo no abunda ni profundiza en estos temas, as&#xED; los estudiantes pueden aprenderlo y esto dar&#xED;a como resultado el desarrollo de competencias y habilidades en esta &#xE1;rea, mediante esto, los estudiantes puedan percibir en el proceso que sus maestros muestran dominio ya que, hablar&#xED;an con toda propiedad de los temas y las pr&#xE1;cticas ser&#xED;an mas efectivas e impactante. Los maestros de educaci&#xF3;n f&#xED;sica deben enfatizar m&#xE1;s en la preparaci&#xF3;n de los estudiantes y determinar que se puede lograr con ellos a trav&#xE9;s de debates e intercambio con otros centros educativo. A los t&#xE9;cnicos distritales y regionales del &#xE1;rea de educaci&#xF3;n f&#xED;sica, proporcionar los recursos necesarios para la implementaci&#xF3;n de talleres y capacitaciones a los docentes y estos a su vez a los estudiantes, ya que a trav&#xE9;s de esta investigaci&#xF3;n se ha verificado que los docentes siguen teniendo dificultad en la ense&#xF1;anza adecuada del saque flotante y de suspensi&#xF3;n.</subfield>
  </datafield>
  <datafield tag="530" ind1=" " ind2=" ">
    <subfield code="a">Tambi&#xE9;n disponible en CD-ROM (CD MA-EFD 0057 FCE 2020).</subfield>
  </datafield>
  <datafield tag="650" ind1=" " ind2="7">
    <subfield code="a">Voleibol</subfield>
    <subfield code="x">Ense&#xF1;anza</subfield>
    <subfield code="x">Estrategia y t&#xE9;cnicas</subfield>
    <subfield code="2">lemb</subfield>
    <subfield code="9">60259</subfield>
  </datafield>
  <datafield tag="650" ind1=" " ind2="7">
    <subfield code="a">Educaci&#xF3;n f&#xED;sica</subfield>
    <subfield code="x">Ense&#xF1;anza</subfield>
    <subfield code="2">lemb</subfield>
    <subfield code="9">10439</subfield>
  </datafield>
  <datafield tag="830" ind1=" " ind2=" ">
    <subfield code="a">Tesis y disertaciones acad&#xE9;micas (Universidad Aut&#xF3;noma de Santo Domingo)</subfield>
  </datafield>
  <datafield tag="942" ind1=" " ind2=" ">
    <subfield code="2">cl</subfield>
    <subfield code="c">T</subfield>
    <subfield code="n">0</subfield>
  </datafield>
  <datafield tag="999" ind1=" " ind2=" ">
    <subfield code="c">12629</subfield>
    <subfield code="d">12629</subfield>
  </datafield>
</record>
